000 00599nam a22001817a 4500
003 sfu0570
005 20190703143529.0
008 190703b xxu||||| |||| 00| 0 eng d
020 _a0-86612-036X
050 _aTX 911.3.M27
100 _aMichael L Kasavana
245 _aManaging computers in the hospitality industry /
_bMichael L Kasavana; John J Cahill
260 _aEast Lansing, Mich. :
_bEducational Institute of the American Hotel & Motel Association
_c1987
300 _a420 pages
690 _2Hospitality industry -- Data processing.
700 _aJohn J Cahill
942 _2lcc
_cBK
999 _c361934
_d361934